Alle Wörter im Duden mit "Y" - Statistiken

Allgemein
  • Dieses Quiz wurde 283 mal gespielt
  • Das Durchschnittsergebnis liegt bei 22 aus 60
Antwortstatistiken
Eintrag Definition % Korrekt
Y{acht} edles, sportliches Schiff
96%
Y{ak} Hochgebirgsrind
92%
Y{en} Währungseinheit in Japan
89%
Y{eti} legendärer Schneemensch
83%
Y{in} weibliches Prinzip in der chin. Philosophie
76%
Y{o}-Y{o} Spielzeug am Seil
76%
Y{ouTube}® Internetportal für Videos
72%
Y{ale} Universitätsstadt in den USA
69%
Y{ang} männliches Prinzip in der chin. Philosophie
69%
Y-{Chromosom} Erbgutträger
68%
Y{ork} englische Stadt
68%
Y{psilon} deutscher/griechischer Buchstabe
66%
Y{ard} angelsächsisches Längenmaß
62%
Y{ankee} Spitzname für US-Amerikaner
59%
Y{ellowstone}-Nationalpark Naturschutzgebiet in den USA
59%
y{ippie} Ausruf der Freude
57%
Y{oga} indisches philosoph. System
57%
Y{ippie} aktionistischer Hippie
54%
y-{Achse} Ordinate
51%
Y{oung}plan Plan zur Regelung der dt. Reparationen
51%
Y{vonne} w. Vorn.
50%
Y{akuza} japan. organisierter Krimineller
45%
Y{orkshire} englische Grafschaft
44%
Y{ucatán} Staat u. Halbinsel in Mexiko
42%
y{allah}! Jugendspr.: vorwärts!, los!
40%
Y{okohama} Stadt in Japan
38%
Y{ogi} Anhänger dieses Systems
35%
Y{oungster} junger Sportler
35%
Y{ukon} kanad. Territorium/Fluss
29%
Y{uppie} junger großstädtischer Berufstätiger
29%
Y{pern} belgische Stadt
28%
Y{ellow} P{ress} Sensationsmagazine
26%
Y{ucca} Palmlilie
26%
Y{MCA} CVJM
23%
Y{ad} V{ashem} Holocaustgedenkstätte in Jerusalem
22%
Y{tterbium} chemisches Element
22%
Y{un} koreanischer Komponist
22%
Y{ams}wurzel tropische Staude
21%
Y{aren} Hauptstadt von Nauru
21%
Y{uan} Währungseinheit in China
20%
Y{amoussoukro} afrik. Hauptstadt
19%
Y{bbs} Nebenfluss der Donau
19%
Y{bbs} an der Donau österr. Stadt
19%
Y{oungtimer} älteres, gepflegtes Fahrzeug
19%
Y{tong}® dampfgehärteter Leichtkalkbeton
18%
Y{angon} anderer Name für Rangun
16%
Y{ggdrasil} mythol. Weltesche, Weltbaum
15%
Y{sop} Heil- und Gewürzpflanze
14%
Y{verdon} schweiz. Stadt
14%
Y{usuf} arab./türk. m. Vorn.
11%
Y{lang}-Y{lang}-Baum trop. Baum
8%
Y{stad} schwed. Stadt
7%
Y{ogalates} Verbindung aus vorigem Eintrag und Pilates
6%
Y{onne} Fluss in Frankreich
6%
Y{mir} Urriese aus der germ. Mythlogie
5%
Y{WCA} CVJM
5%
Y{awl} zweimastiges Segelboot
2%
Y{amashita} Sprung im Kunstturnen
1%
Y{ngling} ein Segelboot
1%
Y{ohimbin} Alkaloid aus der Rinde eines westafrik. Baumes
1%
Keine übereinstimmenden Quizze gefunden
Verteilung der Resultate
Anzahl Personen mit jedem Resultat
Perzentil nach korrekt beantworteten Fragen
Ihre Resultats-Entwicklung
Sie haben dieses Quiz noch nicht gespielt